00703nam a22002057a 4500003000900000005001700009008002900026020001500055040003000070082002600100100003100126245007300157260003500230300003000265500005100295500004800346650003500394650003500429700003300464DO-SdBPM20250225072009.01607181993 xxu a spa d a0439083702 aDO-SdBPMbspacBPMSUerda 4a819.3bB772f 19932221 aBourgeois, Pauletted1951-10aFranklin is lost /cPaulette Bourgeois ; ilustraciones Brenda Clark  aNew York : bScholastic,c1993 a[30] p. :bil. ;c23 cm.  aWhich of these Franklin stories have you read? aFranklin is a trade mark of kids can press. 4aCuentos infantiles canadienses 4aLibros ilustrados para niños1 aClark, Brendaeilustraciones